00393nam a2200145Ia 4500100001900000942000700019654001300026245002700039260002600066082002000092300000800112546001200120999001700132952009800149 aHarrison/ Guy  cBK aComputer aOracle Desk Reference bPrentice Hallc2000 a005.133'O'bHAR a520 aENGLISH c20962d20962 001040708CRCaCRCEbCRCEd2023-03-17l0o005.133'O' HARp11374r2023-03-17w2023-03-17yBK